Responses for Show #7048 - Wednesday, April 15, 2015

Alex Jacob game 4.

Contestants

[<< previous game]

Becky Hammer, an environmental lawyer from Alexandria, Virginia

Doug Butler, a graduate student in medieval history from Columbia, Missouri

Alex Jacob, a currency trader from Chicago, Illinois (whose 3-day cash winnings total $72,200)

[next game >>]

Jeopardy! Round responses

WOMEN ON A PEDESTAL
RIVER BANK ON IT
A MIXED BAG OF MIXED BAGS
"UBE" JOB
THE NEW ENGLAND PATRIOTS
DIE FLEDERMAUS
    $200 26
(Agatha) Christie

Alex
    $200 27
the Jordan

Becky
    $200 12
a punching bag

Alex
    $200 28
the cube

Alex
    $200 29
[The end-of-round signal sounds.]

Tom Brady

Becky
    $400 25
(Amelia) Earhart

Alex
    $400 6
the Seine

Alex
    $400 9
brown-bagging

Alex
    $400 24
Reuben

Triple Stumper
    $400 20
the (Indianapolis) Colts

Alex
    $400 22
(Alex Trebek: [*] is right, with a minute to go.)

champagne

Alex
    $600 2
(Doug: Who is Dolley Madison?)

(Eleanor) Roosevelt

AlexDoug
    $600 5
(Alex Jacob: What is Missouri?)

the Mississippi

AlexDoug
    $1,800 8
a carpetbagger

Becky
    $600 23
gubernatorial

Alex
    $600 16
the (New York) Giants

Alex
    $600 21
Redgrave

Alex
    $800 1
(Susan B.) Anthony

Alex
    $800 4
(Doug: What is the Nile?)

the Thames

DougBecky
    $800 10
Ziploc bags

Becky
    $800 14
(Franz) Schubert

Alex
    $800 15
Gronkowski

Becky
    $800 18
(Doug: What is contralto?)

mezzo-soprano

AlexDoug
    $1000 3
Gallaudet

Alex
    $1000 7
the Ganges

Becky
    $1000 11
the amniotic sac

Doug
    $1000 13
exuberance

Alex
    $1000 19
Bill Parcells

Doug
    $1000 17
a bat

Alex

Scores at the first commercial break (after clue 12):

Alex Doug Becky
$2,800 $200 $4,400

Scores at the end of the Jeopardy! Round:

Alex Doug Becky
$9,800 $400 $5,600

Double Jeopardy! Round responses

ASTROPHYSICS WITH NEIL deGRASSE TYSON
COMPOUND WORDS
CHAPTER TITLES IN MOBY-DICK
"IN" BUSINESS
YES, PRIME MINISTER
HIT SONGS
    $400 26
scarecrow

Doug
    $400 23
Canada

Becky
    $400 21
Springsteen

Alex
    $800 27
[The end-of-round signal sounds.]

dwarf planet

Alex
    $800 25
courtyard

Doug
    $800 22
(Alex Trebek: Correct with a minute to go.)

Nantucket

Becky
    $800 24
inventory

Triple Stumper
    $800 8
Earl Grey

Alex
    $800 20
country music

Becky
    $3,000 13
Carl Sagan

Becky
    $1200 7
carhop

Triple Stumper
    $1200 9
the Pequod

Alex
    $1200 11
(Becky: What is income?)

investment

Becky
Triple Stumper
    $1200 4
al-Maliki

Becky
    $1200 1
Coldplay

Becky
    $1600 14
supernova

Alex
    $1600 12
watershed

Becky
    $100 10
(Alex Trebek: That's it. Don't be upset with yourself. You didn't know what the clue was going to be. Go again.)

Cetology

Alex
    $1600 17
insolvency

Becky
    $1600 5
Australia

Becky
    $1600 2
J.Lo (Jennifer Lopez)

Triple Stumper
    $2000 19
Hubble

Alex
    $2000 15
wheelhouse

Triple Stumper
    $2000 16
ambergris

Alex
    $2000 18
inversion

Triple Stumper
    $2000 6
Shamir

Alex
    $2000 3
Magic!

Becky

Scores at the end of the Double Jeopardy! Round:

Alex Doug Becky
$20,700 $1,600 $18,600

[wagering suggestions for these scores]

Final Jeopardy! Round responses

THE GREEK ALPHABET
DougWhat is Lamda Omicron
$1,500
BeckyWhat are epsilon and omega
$2,101
AlexWhat are Eps Epsilon and Omicron
$16,501
(2 of) epsilon, upsilon & omicron

Final scores:

Alex Doug Becky
$37,201 $100 $16,499
4-day champion: $109,401 3rd place: $1,000 2nd place: $2,000

Game dynamics:

Coryat scores:

Alex Doug Becky
$22,200 $1,600 $15,600
27 R
(including 1 DD),
1 W
5 R,
3 W
17 R
(including 2 DDs),
1 W

Combined Coryat: $39,400

[game clues] [game scores] [suggest correction]

Game tape date: 2015-02-09
The J! Archive is created by fans, for fans. Scraping, republication, monetization, and malicious use prohibited; this site may use cookies and collect identifying information. See terms. The Jeopardy! game show and all elements thereof, including but not limited to copyright and trademark thereto, are the property of Jeopardy Productions, Inc. and are protected under law. This website is not affiliated with, sponsored by, or operated by Jeopardy Productions, Inc. Join the discussion at JBoard.tv.